00394nam a2200121Ia 4500003000400000008004100004040001600045082001700061245011400078260006400192300001100256490000500267GCL140319s9999 xx 000 0 ara d aGCL / cGCL04a332.7bم ا10aالائتمان المصرفى منهج متكامل فى التحليل والبحث الائتمانى a[S.N] : bمكتبة الانجلوالمصرية ، c1987 a374 ص a